000
00249nam a2200097Ia 4500
008
220120s9999||||xx |||||||||||||| ||und||
100
_a
Siddarthan, P
_9
11414
245
0
_a
Invention that changed the world
260
_b
New Delhi
300
_a
146p.
_b
100
999
_c
136335
_d
136335